О награждении орденом Красного Знамени Московченко А. А.

Доступно только в Электронных читальных залах Найти на картеНа карте
RUSMARC
00004147nac2a22002893x 450
001aabfb4d4-dd62-41e7-b252-b904d4be06d8
00520230717200209.0
100##$a20230613l19291930k y0rusy50 ca
1010#$arus
102##$aRU
105##$ay z |||||
1222#$ad19291103
$ad19300509
2001#$aО награждении орденом Красного Знамени Московченко А. А.
$j03.11.1929 - 09.05.1930
215##$a2 листа
$d35,7 х 24,3
251##$cДело
300##$aЗаголовок дела на папке: О награждении орденом "Красного Знамени" гр. Московченко А. А.
300##$aВ деле обратная нумерация листов
300##$aМашинописный и рукописный текст
324##$aВ деле имеются копии отдельных документов
461#0$1001796d4672-8a00-4986-b488-6e42273792cc
$12001
$aЦЕНТРАЛЬНЫЙ ИСПОЛНИТЕЛЬНЫЙ КОМИТЕТ СССР (ЦИК СССР).
$1251
$cФонд
$1852
$gР
$j3316
462#0$10016e6e8ba4-e15f-4ad4-8937-f1e88c150bfe
$12001
$aДела Секретариата Президиума ЦИК Союза ССР. 1929 г.
$vД. 783
$1251
$cОпись
$1852
$j22
5171#$aО награждении орденом "Красного Знамени" гр. Московченко А. А.
600#1$aМосковченко
$bА. А.
60101$3RU\NLR\AUTH\880357276
$aСССР
$bЦИК
801#0$aRU
$bGA_RF
801#1$aRU
$bГлавНИВЦ
$c20230613
$2rusmarc
801#2$aRU
$bПБ им. Б.Н. Ельцина
$c20230717
$gRCR
$2rusmarc
852##$aГА РФ
$j783
937##$d186576937
$hГАРФ
035##$aRuPRLIB51072308
856##$uhttp://readingroom.main.prlib.ru/item.aspx?id_node=n186576937&mode=full
Формат отображения